000 00286nam a2200121Ia 4500
005 20251222141903.0
008 251222s9999||||xx |||||||||||||| ||spa||
082 _a781.17/U73
100 _aUrbano, Jorge D.
245 0 _aCómo escuchar un Concierto
264 _bAtlántida
942 _cLIB
999 _c8122
_d8122